000 00595nam a2200217 i 4500
001 12123
003 ES-MaACL
005 20230906150238.0
007 t|
008 970414s1995 sp |||| | spa d
020 _a84-7432-574-9
080 _a316.7"19"
080 _a39"19"
100 1 _aAugé, Marc.
_923880
245 1 0 _aHacia una antropología de los mundos contemporaneos /
_cpor Marc Augé.
250 _a1ª ed.
260 _aBarcelona :
_bGedisa,
_c1995.
300 _a165 p. ;
_c23 cm.
650 4 _aAntropología cultural y social-
_yS.XX.
_99888
852 _aES-MaACL
_jL-19468
999 _c12123
_d12123